Normal view
MARC view
- Gentileschi, Artemisia, 1593-1652 or 1653
Entry Topical Term
001 - CONTROL NUMBER
- control field: 46486
003 - CONTROL NUMBER IDENTIFIER
- control field: OSt
005 - DATE AND TIME OF LATEST TRANSACTION
- control field: 20221021170242.0
008 - FIXED-LENGTH DATA ELEMENTS
- fixed length control field: 221021|| aca||aabn | a|a d
040 ## - CATALOGING SOURCE
- Original cataloging agency: OSt
- Transcribing agency: OSt
150 ## - HEADING--TOPICAL TERM
- Topical term or geographic name entry element: Gentileschi, Artemisia, 1593-1652 or 1653
- General subdivision: Juvenile fiction.
670 ## - SOURCE DATA FOUND
- Source citation: Work cat.: (OSt): McCullough, Joy. 46485, Blood water paint / , ©2019.
